000 00867nam a22002057a 4500
999 _c16446
_d16446
003 AR-CdUCM
008 190503b ||||| |||| 00| 0 spa d
040 _aMUNICIPALIDAD PROVINCIAL DEL CUSCO
_cBIBLIOTECA MUNICIPAL DEL CUSCO
082 _22ed.
_a354 /
_bM94
100 _aMuñoz Amato, Pedro.
_935893
245 _aIntroducción a la administración pública /
260 _aMéxico :
_bFondo de Cultura Económica,
_c1962.
300 _a213 paginas ;
_c29 cm.
505 _aContenido : t.2 : Relaciones humanas y administración de personal -- ¿Que es la administración personal? -- Incentivos -- Poder, autoridad y liderato -- Las premisas -- La educación general...
650 _a:Administración pública.
_935894
650 _aPlanificación
_96254
650 _aAdministración de personal
_935895
942 _2ddc
_cLIBROS
945 _awnts
_d2019-05-3